Statistics for Country Logic Puzzle by Scambigol

Click here to take the quiz!

General Stats

  • This quiz has been taken 665 times
    (642 since last reset)
  • The average score is 8 of 30

Answer Stats

COUNTRY % Correct
★AFGHANISTAN★
in each column you will find 2 countries bordering the one in row e
81%
★ECUADOR★
countries in this row border exactly 2 countries
68%
★UGANDA★
zimbabwe is in uc
65%
★ZIMBABWE★
in this column no country has less letters than the one above it
63%
★ICELAND★
this row contains island countries except if
62%
★COLOMBIA★
adjacent countries in row u border each other
43%
★PERU★
column b countries are multi-word except one of them
39%
★SOUTH AFRICA★
column h countries are all 5 letters long
33%
★DEMOCRATIC REPUBLIC OF THE CONGO★
in row i no countries has more letters than the one to its left
31%
★ZAMBIA★
all countries are different except ob=od
31%
★KENYA★
in each row no country has a longer name than the one in column f, except 2 names in column b
30%
★IRELAND★
21%
★OMAN★
20%
★SAMOA★
20%
★NEPAL★
row a has three 4 letter countries
18%
★IRAQ★
in this quiz no country has more letters than all other countries
18%
★SAINT VINCENT AND THE GRENADINES★
countries in this row begin with A, I, M and S
18%
★MALTA★
17%
★ANDORRA★
15%
★UNITED ARAB EMIRATES★
eg begins with a
15%
★INDIA★
15%
★CHINA★
15%
★SAUDI ARABIA★
13%
★SAUDI ARABIA★
12%
★SPAIN★
12%
★FRANCE★
in each row you will find at least one country containing letter d
12%
★KUWAIT★
four countries in row o begin with the same letter
11%
★AUSTRIA★
10%
★LIECHTENSTEIN★
9%
★SWITZERLAND★
four countries in column g are in the same continent
8%

Score Distribution

Percentile by Number Answered

Percent of People with Each Score

Your Score History

You have not taken this quiz since the last reset